LEADER 01142nam a2200265 i 4500 001 000000175964 003 CaOOAMICUS 005 20081124000000.0 008 081124s1987 it u000 u ita u 013 $a153449 020 $a88-7078-057-0 040 $aSeMil$bita 100 1 $aSamuels, Andrew.$0(OLS)http://semarc/name/65550 240 12$aA Critical Dictionary of Jungian Analysis.$0(OLS)http://semarc/title/252460 245 10$aDizionario di psicologia analitica /$cAndrew Samuels ... [et al.]. 260 $aMilano :$bRaffaello Cortina,$ccopyr. 1987. 300 $aXV, 189 p. ;$c24 cm. 500 $aContiene : Bibliografia. - Dono di Don Romano Martinelli. 650 4$aPsicologia - Enciclopedie e dizionari.$0(OLS)http://semarc/subject/782 850 $aSeMil 852 $aSeMil$W1$xVenegono$y1$mSL1.N I 2$j126786$B126786$CSeMilBibl$Z2$F138701 $8I 961 $aOmaggio: Martinelli don Romano 996 $6020$a88-7078-057-0$9(OLS)http://semarc/number/164373 996 $6245$aDizionario di psicologia analitica$9(OLS)http://semarc/title/252459 996 $6260$aMilano :$bRaffaello Cortina$9(OLS)http://semarc/publisher/31196 LEADER 00717naa a2200157 i 4500 001 000000324120 003 CaOOAMICUS 005 20180831173437.0 008 180831n it u000 u ita u 013 $a34911 040 $aSeMil$bita 245 13$aLa formazione della preghiera nella liturgia. 650 4$aPreghiera - Studi.$0(OLS)http://semarc/subject/4248 650 4$aLiturgia - Formazione.$0(OLS)http://semarc/subject/29966 773 0 $aAmbrosio, Gianni $tRicerca della preghiera cristiana oggi.$dBrescia : La Scuola, copyr. 1980.$kPubblicazioni della Facoltà teologica dell'Italia settentrionale$gp.95-108$w()61289 996 $6245$aLa formazione della preghiera nella liturgia$9(OLS)http://semarc/title/397468